| 000 | 00535 a2200169 4500 | ||
|---|---|---|---|
| 020 |
_a0007154887 _c575.60 |
||
| 035 | _aB-211624 | ||
| 037 | _bRP-ZLS-2783 / UBH-07-08:6 / RP-07-08:ENG | ||
| 082 | 1 | 4 | _aN |
| 090 |
_c5040 _d5040 |
||
| 100 | 1 | _aChristies, Agatha | |
| 245 | 1 |
_aThe llisterdale mystery _cby Agatha Christies |
|
| 260 |
_aLondon _bHarper Collins Publishers _c2003 |
||
| 300 |
_a317 p _c18 cm (pbk) |
||
| 942 |
_adpl _cEN _kN / CHI |
||
| 999 |
_c4943 _d4943 |
||